| 000 | 00958nam a2200241Ia 4500 | ||
|---|---|---|---|
| 003 | IN-BaIIA | ||
| 008 | 211028s9999 xx 000 0 eng d | ||
| 040 | _cIIA Library | ||
| 080 |
_a520.2(082.2) _bESO |
||
| 111 |
_aESA/ESO Workshop on Astronomical Uses of the Space Telescope _cSwitzerland _d1982 Mar. 29- Apr. 30 _912557 |
||
| 245 | 0 |
_aAstronomical uses of the space telescope _bproceedings of ESA/ ESO workshop held at Geneva, Switzerland, 12-14 February 1979 _cedited by F. Macchetto, F. Pacini and M. Tarenghi. |
|
| 260 |
_aGermany _bEuropean Space Agency _c1979 |
||
| 300 | _axx, 407p. | ||
| 490 | _aESO coference proceedings | ||
| 650 |
_aAstronomical instrumentation _93629 |
||
| 650 | _aAstronomy and astrophysics thesaurus | ||
| 650 |
_aSpace telescope _912558 |
||
| 700 |
_aMacchetto, F., ed. _912559 |
||
| 700 |
_aPacini, F., ed. _910101 |
||
| 700 |
_aTarenghi, M., ed. _911253 |
||
| 710 |
_aEuropean Space Agency _912560 |
||
| 942 | _cBK | ||
| 999 |
_c7325 _d7325 |
||